<?xml version="1.0" encoding="UTF-8"?>
<record
    xmlns:xsi="http://www.w3.org/2001/XMLSchema-instance"
    xsi:schemaLocation="http://www.loc.gov/MARC21/slim http://www.loc.gov/standards/marcxml/schema/MARC21slim.xsd"
    xmlns="http://www.loc.gov/MARC21/slim">

  <leader>00535nam a22001697a 4500</leader>
  <controlfield tag="005">20260108152659.0</controlfield>
  <controlfield tag="008">260108b        |||||||| |||| 00| 0 eng d</controlfield>
  <datafield tag="020" ind1=" " ind2=" ">
    <subfield code="a">978-178583237-6</subfield>
  </datafield>
  <datafield tag="100" ind1=" " ind2=" ">
    <subfield code="a">GROVES, MALCOLM</subfield>
  </datafield>
  <datafield tag="245" ind1=" " ind2=" ">
    <subfield code="a">LEADERSHIP FOR TOMORROW</subfield>
    <subfield code="b">BEYOND THE SCHOOL IMPROVEMENT</subfield>
  </datafield>
  <datafield tag="260" ind1=" " ind2=" ">
    <subfield code="a">WALES</subfield>
    <subfield code="b">CROWN HOUSE PUBLISHING</subfield>
    <subfield code="c">2017</subfield>
  </datafield>
  <datafield tag="300" ind1=" " ind2=" ">
    <subfield code="a">V, 182P.</subfield>
  </datafield>
  <datafield tag="500" ind1=" " ind2=" ">
    <subfield code="a">INCLUDES BIBLIOGRAPHICAL REFERENCES</subfield>
  </datafield>
  <datafield tag="650" ind1=" " ind2=" ">
    <subfield code="a">1. SCHOOL MANAGENT AND ORGANIZATION 2. EDUCATIONAL LEADERSHIP</subfield>
  </datafield>
  <datafield tag="700" ind1=" " ind2=" ">
    <subfield code="a">HOBBS, ANDREW</subfield>
  </datafield>
  <datafield tag="942" ind1=" " ind2=" ">
    <subfield code="2">lcc</subfield>
    <subfield code="c">BK</subfield>
  </datafield>
  <datafield tag="999" ind1=" " ind2=" ">
    <subfield code="c">216432</subfield>
    <subfield code="d">216432</subfield>
  </datafield>
  <datafield tag="952" ind1=" " ind2=" ">
    <subfield code="0">0</subfield>
    <subfield code="1">0</subfield>
    <subfield code="2">lcc</subfield>
    <subfield code="4">0</subfield>
    <subfield code="6">LB2806 G76  02017</subfield>
    <subfield code="7">0</subfield>
    <subfield code="8">ARTS</subfield>
    <subfield code="9">374384</subfield>
    <subfield code="a">KSUL</subfield>
    <subfield code="b">KSUL</subfield>
    <subfield code="c">DISPLAY</subfield>
    <subfield code="d">2026-01-08</subfield>
    <subfield code="i">110813</subfield>
    <subfield code="l">1</subfield>
    <subfield code="o">LB 2806 .G76 2017</subfield>
    <subfield code="p">000000018792</subfield>
    <subfield code="r">2026-03-02 15:16:57</subfield>
    <subfield code="s">2026-02-19</subfield>
    <subfield code="t">C.1</subfield>
    <subfield code="w">2026-01-08</subfield>
    <subfield code="y">BK</subfield>
  </datafield>
  <datafield tag="952" ind1=" " ind2=" ">
    <subfield code="0">0</subfield>
    <subfield code="1">0</subfield>
    <subfield code="2">lcc</subfield>
    <subfield code="4">0</subfield>
    <subfield code="6">LB2806 G76  02017</subfield>
    <subfield code="7">0</subfield>
    <subfield code="8">ARTS</subfield>
    <subfield code="9">374385</subfield>
    <subfield code="a">KSUL</subfield>
    <subfield code="b">KSUL</subfield>
    <subfield code="c">DISPLAY</subfield>
    <subfield code="d">2026-01-08</subfield>
    <subfield code="i">110814</subfield>
    <subfield code="l">0</subfield>
    <subfield code="o">LB 2806 .G76 2017</subfield>
    <subfield code="p">000000018793</subfield>
    <subfield code="r">2026-01-08 15:31:00</subfield>
    <subfield code="t">C.2</subfield>
    <subfield code="w">2026-01-08</subfield>
    <subfield code="y">BK</subfield>
  </datafield>
  <datafield tag="952" ind1=" " ind2=" ">
    <subfield code="0">0</subfield>
    <subfield code="1">0</subfield>
    <subfield code="2">lcc</subfield>
    <subfield code="4">0</subfield>
    <subfield code="6">LB2806 G76  02017</subfield>
    <subfield code="7">0</subfield>
    <subfield code="8">ARTS</subfield>
    <subfield code="9">374386</subfield>
    <subfield code="a">KSUL</subfield>
    <subfield code="b">KSUL</subfield>
    <subfield code="c">DISPLAY</subfield>
    <subfield code="d">2026-01-08</subfield>
    <subfield code="i">110815</subfield>
    <subfield code="l">0</subfield>
    <subfield code="o">LB 2806 .G76 2017</subfield>
    <subfield code="p">000000018794</subfield>
    <subfield code="r">2026-01-08 15:31:00</subfield>
    <subfield code="t">C.3</subfield>
    <subfield code="w">2026-01-08</subfield>
    <subfield code="y">BK</subfield>
  </datafield>
  <datafield tag="952" ind1=" " ind2=" ">
    <subfield code="0">0</subfield>
    <subfield code="1">0</subfield>
    <subfield code="2">lcc</subfield>
    <subfield code="4">0</subfield>
    <subfield code="6">LB2806 G76  02017</subfield>
    <subfield code="7">0</subfield>
    <subfield code="8">ARTS</subfield>
    <subfield code="9">374387</subfield>
    <subfield code="a">KSUL</subfield>
    <subfield code="b">KSUL</subfield>
    <subfield code="c">DISPLAY</subfield>
    <subfield code="d">2026-01-08</subfield>
    <subfield code="i">110816</subfield>
    <subfield code="l">0</subfield>
    <subfield code="o">LB 2806 .G76 2017</subfield>
    <subfield code="p">000000024012</subfield>
    <subfield code="r">2026-01-08 15:31:00</subfield>
    <subfield code="t">C.4</subfield>
    <subfield code="w">2026-01-08</subfield>
    <subfield code="y">BK</subfield>
  </datafield>
  <datafield tag="952" ind1=" " ind2=" ">
    <subfield code="0">0</subfield>
    <subfield code="1">0</subfield>
    <subfield code="2">lcc</subfield>
    <subfield code="4">0</subfield>
    <subfield code="6">LB2806 G76  02017</subfield>
    <subfield code="7">0</subfield>
    <subfield code="8">ARTS</subfield>
    <subfield code="9">374388</subfield>
    <subfield code="a">KSUL</subfield>
    <subfield code="b">KSUL</subfield>
    <subfield code="c">DISPLAY</subfield>
    <subfield code="d">2026-01-08</subfield>
    <subfield code="i">110817</subfield>
    <subfield code="l">0</subfield>
    <subfield code="o">LB 2806 .G76 2017</subfield>
    <subfield code="p">000000024013</subfield>
    <subfield code="r">2026-01-08 15:31:00</subfield>
    <subfield code="t">C.5</subfield>
    <subfield code="w">2026-01-08</subfield>
    <subfield code="y">BK</subfield>
  </datafield>
  <datafield tag="952" ind1=" " ind2=" ">
    <subfield code="0">0</subfield>
    <subfield code="1">0</subfield>
    <subfield code="2">lcc</subfield>
    <subfield code="4">0</subfield>
    <subfield code="6">LB2806 G76  02017</subfield>
    <subfield code="7">0</subfield>
    <subfield code="8">ARTS</subfield>
    <subfield code="9">374773</subfield>
    <subfield code="a">KSUL</subfield>
    <subfield code="b">KSUL</subfield>
    <subfield code="c">DISPLAY</subfield>
    <subfield code="d">2026-01-28</subfield>
    <subfield code="i">111214</subfield>
    <subfield code="l">0</subfield>
    <subfield code="o">LB  2806 .G76 2017</subfield>
    <subfield code="p">000000019264</subfield>
    <subfield code="r">2026-01-28 10:18:54</subfield>
    <subfield code="t">6</subfield>
    <subfield code="w">2026-01-28</subfield>
    <subfield code="y">BK</subfield>
  </datafield>
  <datafield tag="952" ind1=" " ind2=" ">
    <subfield code="0">0</subfield>
    <subfield code="1">0</subfield>
    <subfield code="2">lcc</subfield>
    <subfield code="4">0</subfield>
    <subfield code="6">LB2806 G76  02017</subfield>
    <subfield code="7">0</subfield>
    <subfield code="8">ARTS</subfield>
    <subfield code="9">374775</subfield>
    <subfield code="a">KSUL</subfield>
    <subfield code="b">KSUL</subfield>
    <subfield code="c">DISPLAY</subfield>
    <subfield code="d">2026-01-28</subfield>
    <subfield code="i">111215</subfield>
    <subfield code="l">0</subfield>
    <subfield code="o">LB  2806 .G76 2017</subfield>
    <subfield code="p">000000019162</subfield>
    <subfield code="r">2026-01-28 10:18:00</subfield>
    <subfield code="t">7</subfield>
    <subfield code="w">2026-01-28</subfield>
    <subfield code="y">BK</subfield>
  </datafield>
  <datafield tag="952" ind1=" " ind2=" ">
    <subfield code="0">0</subfield>
    <subfield code="1">0</subfield>
    <subfield code="2">lcc</subfield>
    <subfield code="4">0</subfield>
    <subfield code="6">LB2806 G76  02017</subfield>
    <subfield code="7">0</subfield>
    <subfield code="8">ARTS</subfield>
    <subfield code="9">374777</subfield>
    <subfield code="a">KSUL</subfield>
    <subfield code="b">KSUL</subfield>
    <subfield code="c">DISPLAY</subfield>
    <subfield code="d">2026-01-28</subfield>
    <subfield code="i">111216</subfield>
    <subfield code="l">0</subfield>
    <subfield code="o">LB  2806 .G76 2017</subfield>
    <subfield code="p">000000019161</subfield>
    <subfield code="r">2026-01-28 10:18:00</subfield>
    <subfield code="t">8</subfield>
    <subfield code="w">2026-01-28</subfield>
    <subfield code="y">BK</subfield>
  </datafield>
  <datafield tag="952" ind1=" " ind2=" ">
    <subfield code="0">0</subfield>
    <subfield code="1">0</subfield>
    <subfield code="2">lcc</subfield>
    <subfield code="4">0</subfield>
    <subfield code="6">LB2806 G76  02017</subfield>
    <subfield code="7">0</subfield>
    <subfield code="8">ARTS</subfield>
    <subfield code="9">374778</subfield>
    <subfield code="a">KSUL</subfield>
    <subfield code="b">KSUL</subfield>
    <subfield code="c">DISPLAY</subfield>
    <subfield code="d">2026-01-28</subfield>
    <subfield code="i">111216</subfield>
    <subfield code="l">0</subfield>
    <subfield code="o">LB  2806 .G76 2017</subfield>
    <subfield code="p">000000019160</subfield>
    <subfield code="r">2026-01-28 10:18:00</subfield>
    <subfield code="t">9</subfield>
    <subfield code="w">2026-01-28</subfield>
    <subfield code="y">BK</subfield>
  </datafield>
</record>
